Statistics for Anthony Trollope Bibliography

Click here to take the quiz!

General Stats

  • This quiz has been taken 12 times
  • The average score is 14 of 153

Answer Stats

TypeYearName% Correct
Novel1857Barchester Towers
90%
Novel1855The Warden
90%
Novel1858Doctor Thorne
80%
Novel1869Phineas Finn
80%
Novel1865Can You Forgive Her?
70%
Novel1874Phineas Redux
70%
Novel1875The Way We Live Now
70%
Novel1869He Knew He Was Right
60%
Novel1862Orley Farm
60%
Novel1873The Eustace Diamonds
60%
Novel1867The Last Chronicle of Barset
60%
Novel1861Framley Parsonage
50%
Novel1877The American Senator
50%
Novel1876The Prime Minister
40%
Novel1864The Small House at Allington
40%
Novel1863Rachel Ray
30%
Autobiography1883An Autobiography
20%
Novel1879An Eye for an Eye
20%
Novel1881Ayala's Angel
20%
Novel1860Castle Richmond
20%
Novel1865Miss Mackenzie
20%
Novel1867Nina Balatka
20%
Novel1871Ralph the Heir
20%
Novel1880The Duke's Children
20%
Novel1847The Macdermots of Ballycloran
20%
Novel1884An Old Man's Love
10%
Novel1879Cousin Henry
10%
Novel1881Doctor Wortle's School
10%
Novel1874Harry Heathcote of Gangoil
10%
Novel1877Is He Popenjoy?
10%
Novel1879John Caldigate
10%
Novel1882Kept in the Dark
10%
Novel1874Lady Anna
10%
Novel1850La Vendée: An Historical Romance
10%
Novel1868Linda Tressel
10%
Novel1882Marion Fay
10%
Novel1883Mr. Scarborough's Family
10%
Novel1871Sir Harry Hotspur of Humblethwaite
10%
Short Story Collection1861 | 1863Tales of All Countries
10%
Novel1866The Belton Estate
10%
Novel1859The Bertrams
10%
Novel1867The Claverings
10%
Novel1882The Fixed Period
10%
Novel1883The Landleaguers
10%
Travelogue1972The New Zealander
10%
Novel1862The Struggles of Brown, Jones, and Robinson
10%
Novel1857The Three Clerks
10%
Novel1870The Vicar of Bullhampton
10%
Short Story1863Aaron Trow
0%
Short Story1882Alice Dugdale
0%
Article1862American Literary Piracy
0%
Short Story Collection1870An Editor's Tales
0%
Short Story1861An Unprotected Female at the Pyramids
0%
Short Story1863A Ride Across Palestine
0%
Travelogue1873Australia and New Zealand
0%
Article1879A Walk in the Wood
0%
Article1878Catherine Carmichael
0%
Article1870Charles Dickens
0%
Short Story1870Christmas at Kirkby Cottage
0%
Short Story1882Christmas at Thompson Hall
0%
Article1877Cicero as a Man of Letters
0%
Article1877Cicero as a Politician
0%
Play1869Did He Steal It?
0%
Short Story1867Father Giles of Ballymoy
0%
Short Story1866Gentle Euphemia
0%
Article1879George Henry Lewes
0%
Short Story1863George Walker at Suez
0%
Article1881Henry Wadsworth Longfellow
0%
Travelogue1878How the "Mastiffs" Went to Iceland
0%
Essay1865How to Ride to Hounds
0%
Essay Collection1865Hunting Sketches
0%
Article1878Iceland
0%
Article1879In the Hunting Field
0%
Short Story1861John Bull on the Guadalquivir
0%
Short Story1870Josephine De Montmorenci
0%
Article1878Kafir Land
0%
Short Story1866Katchen's Caprices
0%
Short Story1861La Mère Bauche
0%
Non-Fiction Book1927London Tradesman
0%
Biography1882Lord Palmerston
0%
Short Story1867Lotta Schmidt
0%
Short Story1867Lotta Schmidt & Other Stories
0%
Short Story1867Malachi's Cove
0%
Short Story1870Mary Gresley
0%
Short Story1867Miss Ophelia Gledd
0%
Short Story1861Miss Sarah Jack, of Spanish Town, Jamaica
0%
Article1869Mr. Freeman on the Morality of Hunting
0%
Short Story1870Mrs. Brumby
0%
Short Story1863Mrs. General Talboys
0%
Short Story1875Never, Never -- Never, Never
0%
Travelogue1874New South Wales & Queensland
0%
Travelogue1862North America
0%
Short Story1883Not If I Know It
0%
Article1879Novel Reading: The Works of Charles Dickens and W. Makepeace Thackeray
0%
Article1865On Anonymous Literature
0%
Writings Collection1869On English Prose Fiction as a Rational Amusement
0%
Short Story1861Relics of General Chassé
0%
Short Story1863Returning Home
0%
Travelogue1878South Africa
0%
Biography1879Thackeray
0%
Short Story1867The Adventures of Fred Pickering
0%
Essay1866The Alpine Club Man
0%
Essay1866The Art Tourist
0%
Short Story1861The Château of Prince Polignac
0%
Article1865The Civil Service
0%
Non-Fiction Book1870The Commentaries of Caesar
0%
Short Story1861The Courtship of Susan Bell
0%
Essay1866The Family That Goes Abroad Because It's the Thing to Do
0%
Article1866The Fourth Commandment
0%
Article1879The Genius of Nathaniel Hawthorne
0%
Novel1872The Golden Lion of Granpère
0%
Short Story1863The House of Heine Brothers in Munich
0%
Essay1865The Hunting Farmer
0%
Essay1865The Hunting Parson
0%
Article1865The Irish Church
0%
Short Story1867The Journey to Panama
0%
Novel1848The Kellys and the O'Kellys
0%
Short Story1882The Lady of Launay
0%
Essay1865The Lady Who Rides to Hounds
0%
Short Story1867The Last Austrian Who Left Venice
0%
Letter Collection1951 | 1983The Letters of Anthony Trollope
0%
Biography1880The Life of Cicero
0%
Essay1865The Man Who Hunts and Does Like It
0%
Essay1865The Man Who Hunts and Doesn't Like It
0%
Essay1865The Man Who Hunts and Never Jumps
0%
Short Story1863The Man Who Kept His Money in a Box
0%
Essay1866The Man Who Travels Alone
0%
Essay1865The Master of Hounds
0%
Short Story1863The Mistletoe Bough
0%
Play1923The Noble Jilt
0%
Short Story1861The O'Conors of Castle Conor
0%
Short Story1870The Panjandrum
0%
Short Story1863The Parson's Daughter of Oxney Colne
0%
Article1865The Public Schools
0%
Short Story1870The Spotted Dog
0%
Short Story1882The Telegraph Girl
0%
Letter Collection1941The Tireless Traveler: Twenty Letters to the Liverpool Mercury
0%
Essay1866The Tourist in Search of Knowledge
0%
Short Story1870The Turkish Bath
0%
Short Story1867The Two Generals
0%
Essay1866The United Englishmen Who Travel for Fun
0%
Essay1866The Unprotected Female Tourist
0%
Travelogue1859The West Indies and the Spanish Main
0%
Short Story1867The Widow's Mite
0%
Article1877The Young Women in the London Telegraph Office
0%
Essay1866Tourists Who Don't Like Their Travels
0%
Essay Collection1866Travelling Sketches
0%
Short Story1882Two Heroines of Plumplington
0%
Short Story1882Why Frau Frohmann Raised Her Prices
0%
Short Story Collection1882Why Frau Frohmann Raised Her Prices and Other Stories
0%
Article1864W.M. Thackeray
0%

Score Distribution

Percentile by Number Answered

Percent of People with Each Score

Your Score History

You have not taken this quiz